000 00242nam a2200097Ia 4500
001 639822
005 20250826153435.0
008 250824s9999 xx 000 0 und d
245 0 _aEce Yüce/Ece Abla Oluyor
_cGülten Dayıoğlu
260 _bALTIN
999 _c639822
_d639822